000 00545 a2200193 4500
001 132032
020 _a85-02-02447-7
040 _cLeonardo Da Vinci
041 _aPortuguês
082 _a465 B922h
_bB922h
100 _aBRUNO, Fátima Aparecida Teves Cabral
_aMENDOZA, Maria Angélica Costa Lacerda
245 _aHacia el español
_bcurso de lengua y cultura hispánica; nivel básico
250 _a5.ed
260 _bSaraiva
_c2001
_aSão Paulo
300 _a224
362 _a20010000
697 _aEspanhol
_aGramática
942 _cBK
999 _c132032
_d132032